ARRUPE JESUIT UNIVERSITY

CORONAVIRUS -STOP THE SPREAD - CLEAN,DISINFECT,COVER

Aftermath of war : (Record no. 131426)

MARC details
000 -LEADER
fixed length control field 01242cam a2200325 a 4500
001 - CONTROL NUMBER
control field 1021675
003 - CONTROL NUMBER IDENTIFIER
control field ARRUPE
005 - DATE AND TIME OF LATEST TRANSACTION
control field 20220517081152.0
008 - FIXED-LENGTH DATA ELEMENTS--GENERAL INFORMATION
fixed length control field 880914s1989 ohua b s001 0deng
010 ## - LIBRARY OF CONGRESS CONTROL NUMBER
LC control number 88030585
020 ## - INTERNATIONAL STANDARD BOOK NUMBER
International Standard Book Number 0873383699
020 ## - INTERNATIONAL STANDARD BOOK NUMBER
International Standard Book Number 0873383826 (pbk.)
040 ## - CATALOGING SOURCE
Original cataloging agency DLC
Transcribing agency DLC
Modifying agency DLC
043 ## - GEOGRAPHIC AREA CODE
Geographic area code a-ja---
-- n-us---
050 00 - LIBRARY OF CONGRESS CALL NUMBER
Classification number DS889.16
Item number .S36 1989
082 00 - DEWEY DECIMAL CLASSIFICATION NUMBER
Classification number 327.73052
Edition number 19
300 ## - PHYSICAL DESCRIPTION
Other physical details ill. ;
Dimensions 24 cm.
100 1# - MAIN ENTRY--PERSONAL NAME
Personal name Schonberger, Howard B.
9 (RLIN) 51577
245 10 - TITLE STATEMENT
Title Aftermath of war :
Remainder of title Americans and the remaking of Japan, 1945-1952 /
Statement of responsibility, etc Howard B. Schonberger.
260 ## - PUBLICATION, DISTRIBUTION, ETC. (IMPRINT)
Place of publication, distribution, etc Kent, Ohio :
Name of publisher, distributor, etc Kent State University Press,
Date of publication, distribution, etc c1989.
300 ## - PHYSICAL DESCRIPTION
Extent xi, 347 p. :
440 #0 - SERIES STATEMENT/ADDED ENTRY--TITLE
Title American diplomatic history
9 (RLIN) 51578
504 ## - BIBLIOGRAPHY, ETC. NOTE
Bibliography, etc Includes bibliographical references (p. [325]-335) and index.
651 #0 - SUBJECT ADDED ENTRY--GEOGRAPHIC NAME
Geographic name Japan
General subdivision History
Chronological subdivision Allied occupation, 1945-1952.
9 (RLIN) 51579
651 #0 - SUBJECT ADDED ENTRY--GEOGRAPHIC NAME
Geographic name United States
General subdivision Foreign relations
Geographic subdivision Japan.
9 (RLIN) 51580
651 #0 - SUBJECT ADDED ENTRY--GEOGRAPHIC NAME
Geographic name Japan
General subdivision Foreign relations
Geographic subdivision United States.
9 (RLIN) 51581
651 #0 - SUBJECT ADDED ENTRY--GEOGRAPHIC NAME
Geographic name United States
General subdivision Officials and employees
Form subdivision Biography.
9 (RLIN) 51582
906 ## - LOCAL DATA ELEMENT F, LDF (RLIN)
a 7
b cbu
c orignew
d 1
e ocip
f 19
g y-gencatlg
942 ## - ADDED ENTRY ELEMENTS (KOHA)
Source of classification or shelving scheme Library of Congress Classification
Koha item type Monograph ( Printed materials)
Holdings
Withdrawn status Lost status Source of classification or shelving scheme Damaged status Not for loan Collection code Home library Current library Shelving location Date acquired Total Checkouts Full call number Barcode Date last seen Price effective from Koha item type
    Library of Congress Classification     Main Collection ARRUPE LIBRARY ARRUPE LIBRARY Main Collection 17/05/2022   DS889.16 .S36 1989 46600008495 17/05/2022 17/05/2022 Monograph ( Printed materials)

 

Arrupe Library. PO Box MP320 Mt Pleasant, Harare, Zimbabwe
263 242 745411|librarian@aju.ac.zw